Music Quiz

Random Music or Lyrics Quiz

'Heart of Steel' Lyrics Quiz Stats

 Plays Quiz not verified by Sporcle

Also try: Band Mates
Challenge
Share
Tweet
Embed
Score 0/242 Timer 07:00
0 Plays Today
Lyric % Correct
the
100%
the
100%
the
100%
the
100%
the
100%
I
85.7%
I
85.7%
And
85.7%
a
85.7%
I
85.7%
heart
85.7%
of
85.7%
steel
85.7%
for
85.7%
of
85.7%
and
85.7%
for
85.7%
I
85.7%
a
85.7%
Heart
85.7%
of
85.7%
steel
85.7%
for
85.7%
A
85.7%
heart
85.7%
And
85.7%
of
85.7%
And
85.7%
a
85.7%
I
85.7%
Heart
85.7%
of
85.7%
steel
85.7%
for
85.7%
of
85.7%
and
85.7%
for
85.7%
I
85.7%
a
85.7%
Heart
85.7%
of
85.7%
steel
85.7%
for
85.7%
of
85.7%
steel
85.7%
for
85.7%
to
71.4%
You
71.4%
to
71.4%
let
71.4%
you
71.4%
got
71.4%
you
71.4%
what
71.4%
you
71.4%
do
71.4%
You
71.4%
can
71.4%
too
71.4%
too
71.4%
too
71.4%
too
71.4%
too
71.4%
got
71.4%
you
71.4%
you
71.4%
to
71.4%
be
71.4%
You
71.4%
to
71.4%
let
71.4%
you
71.4%
got
71.4%
you
71.4%
what
71.4%
you
71.4%
do
71.4%
You
71.4%
can
71.4%
too
71.4%
too
71.4%
Lyric % Correct
too
71.4%
too
71.4%
too
71.4%
got
71.4%
you
71.4%
There's
57.1%
no
57.1%
There's
57.1%
no
57.1%
why
57.1%
feel
57.1%
make
57.1%
me
57.1%
I've
57.1%
ever
57.1%
been
57.1%
I'm
57.1%
make
57.1%
won't
57.1%
down
57.1%
I've
57.1%
this
57.1%
That's
57.1%
give
57.1%
me
57.1%
you're
57.1%
no,
57.1%
me,
57.1%
one
57.1%
day
57.1%
you'll
57.1%
see
57.1%
I've
57.1%
This
57.1%
as
57.1%
as
57.1%
No
57.1%
that's
57.1%
see
57.1%
me
57.1%
I'm
57.1%
so
57.1%
one
57.1%
that
57.1%
make
57.1%
me
57.1%
I've
57.1%
ever
57.1%
been
57.1%
I'm
57.1%
make
57.1%
won't
57.1%
down
57.1%
I've
57.1%
this
57.1%
That's
57.1%
give
57.1%
me
57.1%
you're
57.1%
no,
57.1%
me,
57.1%
one
57.1%
day
57.1%
you'll
57.1%
see
57.1%
I've
57.1%
like
42.9%
Oh
42.9%
like
42.9%
could
42.9%
better
42.9%
than
42.9%
off
42.9%
ground
42.9%
yeah
42.9%
sure
42.9%
few
42.9%
But
42.9%
hands
42.9%
they
42.9%
hold
42.9%
Lyric % Correct
Anything
42.9%
through
42.9%
Oh
42.9%
Never
42.9%
far
42.9%
Never
42.9%
Never
42.9%
Never
42.9%
Never
42.9%
know
42.9%
It
42.9%
my
42.9%
Just
42.9%
better
42.9%
than
42.9%
off
42.9%
ground
42.9%
yeah
42.9%
sure
42.9%
few
42.9%
But
42.9%
Hands
42.9%
they
42.9%
hold
42.9%
anything
42.9%
through
42.9%
Oh
42.9%
Never
42.9%
far
42.9%
Never
42.9%
Never
42.9%
Never
42.9%
Never
42.9%
know
42.9%
power
28.6%
someone
28.6%
life
28.6%
wonder
28.6%
fly
28.6%
Higher
28.6%
mistakes
28.6%
stone
28.6%
going
28.6%
it's
28.6%
rough
28.6%
much
28.6%
it's
28.6%
high
28.6%
tough
28.6%
world
28.6%
deep
28.6%
seem
28.6%
walking
28.6%
around
28.6%
outside
28.6%
Higher
28.6%
mistakes
28.6%
stone
28.6%
going
28.6%
it's
28.6%
rough
28.6%
much
28.6%
it's
28.6%
high
28.6%
tough
28.6%
Bringing
14.3%
cannot
14.3%
define
14.3%
mine
14.3%
makes
14.3%
ocean's
14.3%
tides
14.3%
dangerously
14.3%
low
14.3%
soul
14.3%
proud
14.3%
heavens
14.3%
chose
14.3%
(Heart
14.3%
you)
14.3%

You're not logged in!

Compare scores with friends on all Sporcle quizzes.
Join for Free
OR
Log In

You Might Also Like...

Show Comments

Extras

Top Quizzes Today


Score Distribution

Your Account Isn't Verified!

In order to create a playlist on Sporcle, you need to verify the email address you used during registration. Go to your Sporcle Settings to finish the process.

Report this User

Report this user for behavior that violates our Community Guidelines.

Details: